| 000 | 00817nam a22002177a 4500 | ||
|---|---|---|---|
| 999 |
_c13945 _d13945 |
||
| 003 | AR-CdUCM | ||
| 008 | 190417b ||||| |||| 00| 0 spa d | ||
| 040 |
_aMUNICIPALIDAD PROVINCIAL DEL CUSCO _cBIBLIOTECA MUNICIPAL DEL CUSCO |
||
| 082 |
_aC / 621.312 / _bH67 |
||
| 110 |
_aCorporación de Reconstrucción y Fomento del Cuzco _928924 |
||
| 245 | _aHistorial cronológico de la central hidroeléctrica de Machupijchu / | ||
| 260 |
_aCusco : _bEdit. H.G. Rozas, _c1962. |
||
| 300 |
_a103 paginas ; _bIlustraciones, _c23 cm. |
||
| 505 | _aContenido :Central de hif¿droelectrica de Machupijchu / | ||
| 650 |
_aHidroelectrica _928925 |
||
| 650 |
_aMachupijchu _932574 |
||
| 650 |
_aCentrales eléctricas _932575 |
||
| 700 |
_aAragón Lobatón, Gerardo, _932576 |
||
| 942 |
_2ddc _cFOLLETOS |
||
| 945 |
_arjall _d2019-04-17 |
||